Entry Personal Name
Number of records used in: 2
001 - CONTROL NUMBER
003 - CONTROL NUMBER IDENTIFIER
005 - DATE AND TIME OF LATEST TRANSACTION
- control field:
20220723115449.0
008 - FIXED-LENGTH DATA ELEMENTS
- fixed length control field:
000901n| azannaabn |n aaa c
010 ## - LIBRARY OF CONGRESS CONTROL NUMBER
- LC control number:
no 00071246
024 7# - OTHER STANDARD IDENTIFIER
- Standard number or code:
0000000010839556
- Source of number or code:
isni
024 7# - OTHER STANDARD IDENTIFIER
- Standard number or code:
5178655
- Source of number or code:
viaf
035 ## - SYSTEM CONTROL NUMBER
- System control number:
(OCoLC)oca05302257
040 ## - CATALOGING SOURCE
- Original cataloging agency:
OrPOCIP
- Language of cataloging:
eng
- Description conventions:
rda
- Transcribing agency:
OrPOCIP
- Modifying agency:
CoU
046 ## - SPECIAL CODED DATES
- Birth date:
1973-06-21
- Source of date scheme:
edtf
100 1# - HEADING--PERSONAL NAME
- Personal name:
Field, Andy P.
372 ## - FIELD OF ACTIVITY
- Field of activity:
Social sciences--Statistical methods
- Source of term:
lcsh
373 ## - ASSOCIATED GROUP
- Associated group:
University of Sussex
- Source of term:
naf
374 ## - OCCUPATION
- Occupation:
College teachers
- Occupation:
Psychology teachers
- Source of term:
lcsh
377 ## - ASSOCIATED LANGUAGE
670 ## - SOURCE DATA FOUND
- Source citation:
Discovering statistics using SPSS for Windows, 2000:
- Information found:
t.p. (Andy Field) p. 4 of cover (psychology lecturer at Sussex Univ.)
670 ## - SOURCE DATA FOUND
- Source citation:
OCLC, Aug. 21, 2000
- Information found:
(hdg.: Field, Andy P.)
670 ## - SOURCE DATA FOUND
- Source citation:
Wikidata via VIAF, July 27, 2018
- Information found:
(born: 1973-06-21; preferred: Andy Field; variant: Andy Field, Andy Field academic; gender: 1)
- Uniform Resource Identifier:
http://www.viaf.org/processed/WKP%7CQ22807312